Včera Schärdinger - dnes Rajo
Reštrukturalizácia mliekarenstva v Rakúsku. Produkcia mlieka spoločnosti Rajo, a.s. (predtým Milex-Schärdinger, a.s.). Nové technológie a rozširovanie výroby. Inovácia. Dodávatelia firmy. Hospodárske výsledky a kvalita surovín.
Guardado en:
| Autor principal: | |
|---|---|
| Formato: | Capítulo de libro |
| Lenguaje: | eslovaco |
| Materias: | |
| Etiquetas: |
Sin Etiquetas, Sea el primero en etiquetar este registro!
|
MARC
| LEADER | 00000naa a2200000 4500 | ||
|---|---|---|---|
| 001 | r021647 | ||
| 005 | 20251104123840.1 | ||
| 041 | 0 | |a slo | |
| 044 | |a SK | ||
| 245 | 1 | 0 | |a Včera Schärdinger - dnes Rajo |c Dagmar Krištofičová |
| 520 | |a Reštrukturalizácia mliekarenstva v Rakúsku. Produkcia mlieka spoločnosti Rajo, a.s. (predtým Milex-Schärdinger, a.s.). Nové technológie a rozširovanie výroby. Inovácia. Dodávatelia firmy. Hospodárske výsledky a kvalita surovín. | ||
| 610 | 2 | 0 | |a mlieko |
| 610 | 2 | 0 | |a Rakúsko |
| 610 | 2 | 0 | |a podnik obchodný |
| 610 | 2 | 0 | |a Rajo, a.s. Bratislava |
| 610 | 2 | 0 | |a Slovensko |
| 610 | 2 | 0 | |a inovácia |
| 610 | 2 | 0 | |a technológie nové |
| 610 | 2 | 0 | |a dodávatelia |
| 610 | 2 | 0 | |a výsledok hospodársky |
| 610 | 2 | 0 | |a kvalita |
| 100 | 1 | |a Krištofičová, Dagmar | |